Estrellas de la música pop en emojis - Estadísticas

Estadísticas generales
  • Esta prueba ha sido intentada 1.063 veces
    861 desde el último reinicio
  • La puntuación promedio es 24 de 60
Estadísticas de respuestas
Imagen Respuesta % Correcto
Michael Jackson
95%
Shakira
93%
Ed Sheeran
88%
Mariah Carey
75%
Harry Styles
69%
Justin Bieber
68%
ABBA
66%
Ariana Grande
66%
Katy Perry
65%
BTS
64%
Rosalía
64%
Lady Gaga
63%
Bruno Mars
62%
Madonna
62%
Blackpink
59%
Taylor Swift
59%
Rihanna
58%
Céline Dion
57%
Enrique Iglesias
56%
Twenty One Pilots
55%
Prince
54%
Olivia Rodrigo
49%
Black Eyed Peas
47%
Imagine Dragons
47%
Spice Girls
45%
Gorillaz
44%
Miley Cyrus
44%
Dua Lipa
41%
PSY
40%
Adele
39%
Avril Lavigne
39%
Alicia Keys
37%
Beyoncé
35%
Britney Spears
33%
Luis Miguel
32%
Backstreet Boys
31%
Daft Punk
28%
Ray Charles / Stevie Wonder
28%
Amy Winehouse
26%
Camila Cabello
26%
Christina Aguilera
24%
Village People
23%
Whitney Houston
23%
Justin Timberlake
19%
Björk
18%
Frank Sinatra
18%
The Weeknd
18%
Lana del Rey
16%
Lizzo
15%
Bee Gees
14%
Selena Gomez
12%
Ricky Martin
11%
Florence and the Machine
10%
Kylie Minogue
9%
Lorde
9%
Pet Shop Boys
9%
Billie Eilish
6%
Robbie Williams
5%
Donna Summer
4%
Barbra Streisand
3%
No se encontraron pruebas coincidentes
Distribución de puntuación
Porcentaje de gente con cada puntuación
Porcentaje por número respondido
Historial de tus puntuaciones
No has intentado esta prueba desde el último reinicio